[Event "Mumbai Mayors Cup 1st"]
[Site "Mumbai"]
[Date "2008.05.18"]
[Round "10"]
[White "Sarthak, Patel"]
[Black "Ramnath, Hatkar Abhijit"]
[Result "1/2-1/2"]
[WhiteElo "1544"]
[BlackElo "2053"]
[PlyCount "67"]
[EventDate "2008.05.11"]
[EventType "swiss"]
[EventRounds "11"]
[EventCountry "IND"]
[SourceTitle "CBM 124 Extra"]
[Source "ChessBase"]
[SourceDate "2008.07.03"]
[SourceVersion "1"]
[SourceVersionDate "2008.07.03"]
[SourceQuality "1"]

1. Nf3 Nf6 2. g3 g6 3. Bg2 Bg7 4. 0-0 0-0 5. d4 d6 6. c4 Nbd7 7. Nc3 e5 8. dxe5 dxe5 9. e4 c6 10. Qd6 Re8 11. Rd1 Bf8 12. Qd3 Qc7 13. b3 Nc5 14. Qe2 Bg4 15. h3 Bxf3 16. Qxf3 Bg7 17. Bb2 Ne6 18. Ne2 Rad8 19. Qc3 Nd4 20. Nxd4 exd4 21. Rxd4 Nxe4 22. Rxd8 Bxc3 23. Rxe8+ Kg7 24. Rxe4 Bxb2 25. Rd1 c5 26. Rde1 Bf6 27. Re8 Qa5 28. R1e2 b5 29. Bd5 bxc4 30. Bxc4 Qc7 31. Ra8 Bd4 32. Kh2 Qb7 33. Rae8 Bf6 34. R2e4 1/2-1/2

[Event "Mumbai Mayors Cup 1st"]
[Site "Mumbai"]
[Date "2008.05.17"]
[Round "9"]
[White "Ramnath, Hatkar Abhijit"]
[Black "Kulkarni, Rakesh"]
[Result "0-1"]
[WhiteElo "2053"]
[BlackElo "2181"]
[PlyCount "66"]
[EventDate "2008.05.11"]
[EventType "swiss"]
[EventRounds "11"]
[EventCountry "IND"]
[SourceTitle "CBM 124 Extra"]
[Source "ChessBase"]
[SourceDate "2008.07.03"]
[SourceVersion "1"]
[SourceVersionDate "2008.07.03"]
[SourceQuality "1"]

1. e4 c5 2. Nc3 Nc6 3. Bb5 Nd4 4. Bc4 e6 5. Nf3 g6 6. 0-0 Ne7 7. Nxd4 cxd4 8. Ne2 Bg7 9. c3 Qc7 10. Bd3 Nc6 11. f4 0-0 12. f5 exf5 13. exf5 Ne5 14. Qc2 dxc3 15. dxc3 d5 16. Ng3 Nxd3 17. Qxd3 Rd8 18. f6 Bf8 19. Be3 Be6 20. Bd4 a6 21. Rae1 Re8 22. Qd2 b5 23. Qg5 b4 24. Nf5 Bxf5 25. Rxe8 Rxe8 26. Rxf5 bxc3 27. bxc3 h6 28. Qg4 Re4 29. Qxe4 dxe4 30. Re5 Qc6 31. Ra5 e3 32. Kf1 Qc4+ 33. Ke1 Qd3 0-1

[Event "Mumbai Mayors Cup 1st"]
[Site "Mumbai"]
[Date "2008.05.12"]
[Round "2"]
[White "Tiwari, Arjun"]
[Black "Ramnath, Hatkar Abhijit"]
[Result "1-0"]
[WhiteElo "2320"]
[BlackElo "2053"]
[PlyCount "59"]
[EventDate "2008.05.11"]
[EventType "swiss"]
[EventRounds "11"]
[EventCountry "IND"]
[SourceTitle "CBM 124 Extra"]
[Source "ChessBase"]
[SourceDate "2008.07.03"]
[SourceVersion "1"]
[SourceVersionDate "2008.07.03"]
[SourceQuality "1"]

1. e4 c5 2. Nc3 Nc6 3. Bb5 Nd4 4. Bc4 g6 5. Nf3 Bg7 6. Nxd4 cxd4 7. Qf3 Nh6 8. Ne2 0-0 9. d3 Qb6 10. Bb3 d6 11. h4 Qa5+ 12. Bd2 Qh5 13. Qxh5 gxh5 14. Nxd4 Bxd4 15. Bxh6 Bxb2 16. Bxf8 Bxa1 17. Bxe7 Be5 18. 0-0 Be6 19. f4 Bd4+ 20. Kh2 Bxb3 21. cxb3 Rc8 22. Bxd6 Rc2 23. e5 Be3 24. f5 f6 25. e6 Bc5 26. Bxc5 Rxc5 27. d4 Rd5 28. Rc1 Rd8 29. Rc7 Rb8 30. d5 1-0